Online
Catalog

Boletín contenciosa electoral. (Record no. 36544)

MARC details
000 -CABECERA
campo de control de longitud fija 00606nas a2200205 4500
001 - NÚMERO DE CONTROL
campo de control 000037054
003 - IDENTIFICADOR DEL NÚMERO DE CONTROL
campo de control DLC
005 - FECHA Y HORA DE LA ÚLTIMA TRANSACCIÓN
campo de control 20240917111854.0
008 - DATOS DE LONGITUD FIJA--INFORMACIÓN GENERAL
campo de control de longitud fija 120209c20059999dr hr1p dd 0 0spa d
040 ## - FUENTE DE LA CATALOGACIÓN
Centro catalogador/agencia de origen DO-SdBNP
Lengua de catalogación spa
Centro/agencia transcriptor BNPHU
Normas de descripción rda
043 ## - CÓDIGO DE ÁREA GEOGRÁFICA
Código de área geográfica nwdr
110 1# - ENTRADA PRINCIPAL--NOMBRE DE ENTIDAD CORPORATIVA
Nombre de entidad corporativa o nombre de jurisdicción como elemento de entrada República Dominicana
Unidad subordinada Junta Central Electoral
-- Cámara Contenciosa Electoral
9 (RLIN) 63459
245 10 - MENCIÓN DE TÍTULO
Título Boletín contenciosa electoral.
260 ## - PUBLICACIÓN, DISTRIBUCIÓN, ETC.
Lugar de publicación, distribución, etc. Santo Domingo :
Nombre del editor, distribuidor, etc. Junta Central Electoral (JCE).
300 ## - DESCRIPCIÓN FÍSICA
Extensión v. ;
Dimensiones 2005.
310 ## - PERIODICIDAD ACTUAL
Periodicidad actual Trienal
362 1# - FECHAS DE PUBLICACIÓN Y/O DESIGNACIÓN SECUENCIAL
Fecha de publicación y/o designación secuencial v. 1 (2003-2005)
505 1# - NOTA DE CONTENIDO CON FORMATO
Información miscelánea v. 1.
Título 2003-2004 y 2005 --
942 ## - ELEMENTOS DE PUNTO DE ACCESO ADICIONAL (KOHA)
Fuente del sistema de clasificación o colocación Dewey Decimal Classification
Tipo de ítem Koha Publicación periódica

No items available.

Powered by Koha